000 01490nam a2200349 4500
003 CO-CtgCURN
005 20250329165425.0
008 160531s2010 000 0 eng d
040 _aCO-CtgCURN
_bspa
_ccoctgcurn
082 0 _aDER 2010
_bC114
100 1 _aCabeza Molina, Lorena.
245 1 0 _aEficacia y pertinencia de los contratos electronicos en la legislacion colombiana /
_cLorena Cabeza Molina ; coordinador, Ramon Betancourt De Arco.
260 _aCartagena de Indias :
_bCorporacion Universitaria Rafael Nuñez,
_c2010.
300 _a89 h.
336 _2rdacontent
337 _2rdamedia
_asin mediacion
_bn
338 _2rdacarrier
_avolumen
_bnc
500 _aIncluye anexos.
502 _aTrabajo de grado (Abogado). Corporacion Universitaria Rafael Nuñez. Facultad de Ciencias Sociales y Humanas. Programa de Derecho, 2010.
504 _aIncluye bibliografia.
590 _aDerecho
650 0 _aDerecho
_vTesis y disertaciones academicas.
650 0 _aInformatica.
650 0 _aInnovacion tecnologica.
650 0 _aContratos.
650 0 _aInternet.
650 0 _aProcesamiento de la información.
700 1 _aBetancourt de Arco, Ramon,
_easesor.
856 7 _uhttps://unicurn.sharepoint.com/:b:/s/biblioteca/EZpvnnXtdalFiFyPVwvA2bEBUqiwUnCOgkWcIuQPxRHnyA?e=wG5ak3
_zClick aqui para ver el recurso en texto completo
942 _hDER 2010
_iC114
_2ddc
_cTG
999 _c3504
_d3504